书目信息 |
| 题名: |
马克思恩格斯论教育
|
|
| 作者: | 马克思恩格斯 | |
| 分册: | ||
| 出版信息: | 北京 人民教育出版社 35278 |
|
| 页数: | 498页 | |
| 开本: | 20cm | |
| 丛书名: | ||
| 单 册: | ||
| 中图分类: | G411 | |
| 科图分类: | ||
| 主题词: | 思想政治教育--学校教育 , 德育--学校教育 | |
| 电子资源: | ||
| ISBN: | 7-107-07023-1 | |
| 000 | 00596nam0 2200205 450 | |
| 001 | 0728815141 | |
| 005 | 20070819080015.14 | |
| 010 | @a7-107-07023-1@d¥13.60 | |
| 100 | @a20070819d km y0chiy0120 ea | |
| 101 | 0 | @achi |
| 200 | 1 | @a马克思恩格斯论教育@Ama ke si en ge si lun jiao yu@f马克思恩格斯@Fma ke si en ge si |
| 205 | @a2版 | |
| 210 | @a北京@c人民教育出版社@d35278 | |
| 215 | @a498页@d20cm | |
| 606 | 0 | @a思想政治教育--学校教育 |
| 606 | 0 | @a德育--学校教育 |
| 690 | @aG411@v3 | |
| 701 | 0 | @a马克思恩格斯@Ama ke si en ge si |
| 801 | 0 | @aCN@bPFT@c20070819 |
| 905 | @a213230@dG411@eZW33@f1 | |
| 马克思恩格斯论教育/马克思恩格斯.-2版.-北京:人民教育出版社,35278 |
| 498页;20cm |
| ISBN 7-107-07023-1:¥13.60 |
| ● |
| 相关链接 |
|
|
|
|
正题名:马克思恩格斯论教育
索取号:G411/ZW33
 
预约/预借
| 序号 | 登录号 | 条形码 | 馆藏地/架位号 | 状态 | 备注 |
| 1 | 7613856 | 276138564 | 密集书库-文学院/ [索取号:G411/ZW33] | 在馆 |